| 000 | 00525nam a2200205 a 4500 | ||
|---|---|---|---|
| 001 | BRCA_7209 | ||
| 005 | 20190320205742.0 | ||
| 008 | 170112s1941----ag-#######---#000-0#spa-# | ||
| 041 | _aspa | ||
| 044 | _aag | ||
| 050 | 4 |
_aPT2653 .W42 _b.G46 1941 |
|
| 100 | 1 |
_aZweig, Stefan _d1881-1942 _910271 |
|
| 245 | 1 | 0 | _aEl genio de una noche y otras narraciones |
| 260 |
_aBuenos Aires _bAnaconda _c1941 |
||
| 300 |
_a232 p. _c20 cm. |
||
| 500 | _aP104 | ||
| 650 | 1 | 4 |
_aLiteratura austriaca _915490 |
| 902 | _aGFM | ||
| 942 |
_2lcc _cB |
||
| 999 |
_c6890 _d6890 |
||